00526nam a2200193Ii 450000100060000000300090000600800410001502000150005604000330007104100080010408200200011210000380013224500200017026400490019030000120023933600260025133700280027733800270030518961CO-ViMGA241108s9999||||xx |||||||||||||| ||und|| a9588156998 aCO-ViMGAbspaerdacCO-ViMGA0 aspa04aR 792.0223 P67t1 aOmar Trabajos artísticos Porras10aTeatro Malandro 1aBogotá, Colombia : Villegas Editores, 2007 avolumen atextbtxt2rdacontent aunmediatedbn2rdamedia avolumebnc2rdacarrier